000 00190nam a2200085Ia 4500
008 200302s9999 xx 000 0 und d
100 _aAuthor
245 _aIndustrial buildings
260 _bPublisher
999 _c636
_d636